000 00444nam a22001577a 4500
005 20251108170912.0
008 250721s9999 xx 000 0 ara d
082 1 4 _aط/637.1/ان
245 1 0 _aإن سألتني عن الحليب /
264 1 _aبيروت :
_bالمكتبة الشرقية،
_c[19-].
300 _a12ص
490 0 _aالكتاب المفيد للصغار
650 1 7 _aالحليب
942 _2ddc
_cBK
999 _c51705
_d51705